00230nam a2200097Ia 4500008004100000100002000041245002500061260002200086942000700108999001700115190216s9999||||xx |||||||||||||| ||und|| aProf.Chacko K C 0aVasthu Balathanthram bKerala Basha Inst cBK c37719d37719